Кокколитофориды и кораллы мезозоя Украины: палеонтологический справочник

Dettagli Bibliografici
Ente Autore: Академия наук Украинской ССР Институт геологических наук
Altri autori: Ямниченко И. М. (редактор)
Lingua:russo
Pubblicazione: Киев, Наукова думка, 1980
Soggetti:
Natura: MixedMaterials Libro
KOHA link:https://koha.lib.tpu.ru/cgi-bin/koha/opac-detail.pl?biblionumber=362577

MARC

LEADER 00000nam0a2200000 4500
001 362577
005 20231102011514.0
035 |a (RuTPU)RU\TPU\retro\19923 
090 |a 362577 
100 |a 20210730d1980 km y0rusy50 ca 
101 0 |a rus 
102 |a UA 
105 |a a g 001zy 
200 1 |a Кокколитофориды и кораллы мезозоя Украины  |e палеонтологический справочник  |f Академия наук Украинской ССР, Институт геологических наук ; под ред. И. М. Ямниченко 
210 |a Киев  |c Наукова думка  |d 1980 
215 |a 472 с.  |c ил. 
320 |a Библиогр.: с. 158-162 
320 |a Указатель латинских названий: с. 163-171 
606 1 |a Палеопалинология  |2 stltpush  |3 (RuTPU)RU\TPU\subj\48025  |9 66907 
606 1 |a Кораллы ископаемые  |2 stltpush  |3 (RuTPU)RU\TPU\subj\15689  |9 41907 
610 1 |a мезозой 
610 1 |a Украина 
610 1 |a палеонтология 
610 1 |a справочники 
610 1 |a таблицы 
610 1 |a семейства 
610 1 |a отряды 
675 |a 561  |v 4 
675 |a 563.6  |v 4 
702 1 |a Ямниченко  |b И. М.  |4 340 
712 0 2 |a Академия наук Украинской ССР  |b Институт геологических наук  |c (Киев)  |c (1939-1991)  |2 stltpush  |3 (RuTPU)RU\TPU\col\12890  |9 25556 
801 1 |a RU  |b 63413507  |c 20210730 
801 2 |a RU  |b 63413507  |c 20230623  |g RCR 
942 |c BK